000
00220 a2200097 4500
001
19901
100
_a
Eames E R
245
_a
Bertrand Russell theory & knowledge
260
_a
_b
Allen & Unwin
_c
090
_c
14523
_d
14523
942
_a
NUST-CAE
_c
M
_c
5029
999
_c
254974
_d
254974